Akıldan kalbe yolculuk (Record no. 2232)

MARC details
000 -BAŞLIK
Sabit Uzunlukta Kontrol Alanı 00784na a2200265 4500
001 - KONTROL NUMARASI
Denetim Alanı 14140
003 - KONTROL NUMARASI IDENTIFIER
Denetim Alanı MIRAKIL
005 - SON İŞLEM TARİHİ VE ZAMANI
Denetim Alanı 20181213154850.0
008 - SABİT-BOY VERİ ELEMANLARI - GENEL BİLGİLER
Sabit Uzunlukta Kontrol Alanı 161102b tu 000 0
020 ## - ULUSLARARASI STANDART KİTAP NUMARASI
Uluslararası Standart Kitap Numarası 9786051311708
040 ## - KATALOGLAMA KAYNAK
Orijinal Kataloglama Ajansı Milas
Kataloglama Dili tur
Metne Dönüştürmek Ajansı TR-AnCHP
041 ## - DİL KODU
Metin / Ses Parça Veya Ayrı Başlığın Dil Kodu tur
082 ## - DEWEY ONLU SINIFLANDIRMA NUMARASI
Sınıflandırma Numarası 181.07
Ürün Numarası T26a 2012
090 ## - SINIFLAMA NUMARASI
Sınıflama Numarası 181.07 T26a 2012
100 ## - ANA GİRİŞ - KİŞİSEL İSİM
Kişisel Ad Tarhan, Nevzat
245 ## - BAŞLIK TABLOSU
Başlık Akıldan kalbe yolculuk
Başlığın Kalan Bediüzzaman modeli
Sorumluluk Tablosu, Vb Nevzat Tarhan. ; yayına hazırlayan Fatma Özten
260 ## - YAYIN, DAĞITIM, VB
Yayın, Dağıtım, Vb Yeri İstanbul
Yayıncı, Dağıtıcı, Vs Adı Nesil Basım-Yayın
Yayın, Dağıtım, Vb Tarihi 2012
300 ## - FİZİKSEL TANIM
Kapsam 222 s.
Boyutlar 20 sm.
500 ## - GENEL NOT
Genel Not Dizin var.
600 ## - KONU KATMA GİRİŞ - KURUMSAL ADI
Kişisel Ad Nursi, Bediüzzaman Said
Bir Adıyla İlişkilendirilen Tarihler 1873-1960
Genel Alt Bölümü Felsefe
650 ## - KONU KATMA GİRİŞ - TOPİKAL DÖNEM
Topikal Süreli Veya Coğrafi Ad Giriş Elemanı İslam felsefesi
Genel Alt Bölümü Mantık
650 ## - KONU KATMA GİRİŞ - TOPİKAL DÖNEM
Topikal Süreli Veya Coğrafi Ad Giriş Elemanı Nurculuk
Coğrafi Alt Bölümü Türkiye
700 ## - KATMA GİRİŞ - KİŞİSEL İSİM
Kişisel Ad Özten, Fatma
Relator Terim yay.haz.
942 ## - EKLENDİ GİRİŞ ELEMANLARI (KOHA)
Sınıflandırma Veya Raf Düzeni Kaynak Dewey Decimal Classification
Koha Öğesi Türü Books
999 ## - SİSTEM KONTROL NUMARALARI (KOHA)
Koha Biblionumber 2232
Koha Biblioitemnumber 2232
Holdings
Kalıcı Konum Mevcut Konum Edinme Tarihi Edinim Kaynak Toplam Check-Out'Lar Tam Çağrı Numarası Barkod Tarih Son Görülme İtibaren Geçerli Fiyatlar Koha Öğesi Türü
CHP Kütüphanesi CHP Kütüphanesi 08/24/2016 Bağış   181.07 T26a 2012 002029 08/24/2016 08/24/2016 Books